[Event "Amici Sumus LADAC/CAPA (B)"]
[Site "?"]
[Date "1998.??.??"]
[Round "?"]
[White "Colombo Berra Fernando"]
[Black "Flores Gutierrez Carlos"]
[Result "1-0"]
[WhiteElo "2325"]
[BlackElo "2375"]
[PlyCount "41"]
[EventDate "1998.??.??"]
[Source "www.chesslib.no"]
[SourceDate "2004.05.04"]

1. e4 e5 2. Nf3 Nc6 3. d4 exd4 4. Nxd4 Qh4 5. Nc3 Bb4 6. Be2 Bxc3+ 7. bxc3 Qxe4 8. Nb5 Kd8 9. O-O Nf6 10. Be3 Re8 11. Re1 d6 12. Bf3 Qc4 13. Rb1 Ne5 14. Be2 Qxa2 15. c4 Nxc4 16. Bd4 Ne5 17. c4 Bf5 18. Rb2 Qa5 19. Bc3 Qa6 20. c5 Qc6 21. cxd6 1-0

[Event "RUS-Team"]
[Site "?"]
[Date "2000.04.24"]
[Round "10"]
[White "Mikheev Stanislav"]
[Black "Rodin Mihail"]
[Result "0-1"]
[WhiteElo "2335"]
[BlackElo "2365"]
[PlyCount "44"]
[EventDate "2000.??.??"]
[Source "www.chesslib.no"]
[SourceDate "2004.05.04"]

1. e4 e5 2. Nf3 Nc6 3. d4 exd4 4. Nxd4 Qh4 5. Nb5 Bc5 6. Qf3 Bb6 7. Bf4 d6 8. Bxd6 cxd6 9. Nxd6+ Ke7 10. Nxc8+ Rxc8 11. Nc3 Nf6 12. g3 Qg5 13. Bh3 Nd4 14. Qd3 Rcd8 15. O-O Qh5 16. Kg2 Ne6 17. Qc4 Rd4 18. Qb3 Rhd8 19. a4 Ng5 20. Bf5 Qf3+ 21. Kg1 Rd2 22. Qb4+ Ke8 0-1